El pensamiento secreto de mallarme /
Guardado en:
| Autor Principal: | |
|---|---|
| Formato: | Libro |
| Publicado: |
Buenos Aires :
Ollantay,
1948
|
| Series: | Aguja de Vidrio, 1
|
| Materias: | |
| Etiquetas: |
Agregar Etiqueta
Sin Etiquetas, Sea el primero en etiquetar este registro!
|
| LEADER | 00534nam a22001935a 4500 | ||
|---|---|---|---|
| 001 | CEM.cems004143 | ||
| 005 | 20060216000000.0 | ||
| 008 | 130507s1948##################000#0#####d | ||
| 003 | CEMS | ||
| 082 | 0 | 4 | |a 841.8 |
| 100 | 1 | |a Marasso, Arturo | |
| 245 | 1 | 0 | |a El pensamiento secreto de mallarme / |
| 260 | |a Buenos Aires : |b Ollantay, |c 1948 | ||
| 300 | |a 64 p. | ||
| 490 | 0 | |a Aguja de Vidrio, 1 | |
| 653 | |a Literatura | ||
| 653 | |a Literatura francesa | ||
| 653 | |a Poesia francesa | ||
| 859 | |a CEMS |b BIB. CEMS - 11 de abril |h 841.8 |i M325 |p 14895.87 |t Ej.1 | ||
